000 00488pam a2200181 a 4500
020 _a0201549948
040 _cDLC
082 0 0 _a510 ADD 1993 A029 Or.
100 1 _aAngel, Allen R.,
245 1 2 _aA survey of mathematics with applications /
250 _a4th ed.
260 _aReading, Mass. :
_bAddison-Wesley,
_cc1993.
300 _axvii, 623 p. :
_bill. (some col.) ;
_c24 cm.
500 _aIncludes index.
650 0 _aMathematics
700 1 _aPorter, Stuart R.,
942 _cEK
999 _c11672
_d11672